000
00234nam a22001097a 4500
082
_a
671.1HMT
100
_a
HMT bangalore
245
_a
Production technology
260
_a
New Delhi
_b
McGraw Hill
_c
1980
300
_a
870p
942
_c
BK
999
_c
14899
_d
14899